000 01624nam a22002417a 4500
001 K121100
008 190821b2019 ||||| |||| 00| 0 eng d
020 _a9781783213672
041 _aeng
110 _aRoyal Institution of Chartered Surveyors
245 _aParty wall legislation and procedure
_bRICS guidance note
250 _a7th
260 _aLondon
_bRICS
_c2019
490 _aRICS Professional Standards and Guidance, England and Wales
520 _aIt describes the nature and purpose of the Party Wall etc. Act 1996 (the Act) and provides guidance about the role of the surveyor within the terms of the Act. The appendices of this guidance note contain various draft letters and draft notices and a revised and updated suggested draft award. Contains an in-depth and important section on professional conduct. While a party wall surveyor is minimally required to act only in accordance with their statutory obligations, an RICS member is expected to meet RICS expectations of professional and ethical behaviour commensurate with their membership, alongside their duty to conform to the Act.
520 _aSupersedes 6th ed ISBN 9781842197004. Effective from 1 December 2019
520 _aThis guidance note was amended January 2022 to update references to the RICS Rules of Conduct
650 _aPARTY WALL ETC ACT 1996
651 _aEngland and Wales
690 _96258
_aParty walls
856 _uhttps://www.rics.org/profession-standards/rics-standards-and-guidance/sector-standards/building-surveying-standards/party-wall-legislation-and-procedure
_zAs amended in Jan 2022
942 _n0
999 _c121100
_d121100